000 01215cam a2200325 a 4500
999 _c10077
_d10077
001 16039839
003 GZU
005 20211013114750.0
008 100104s2011 maua b 001 0 eng
010 _a 2009053894
020 _a9780135094471
020 _a013509447X
035 _a(OCoLC)ocn475457943
040 _aDLC
_cDLC
_dBTCTA
_dYDXCP
_dC#P
_dCDX
_dSINIE
_dDLC
043 _an-us---
050 0 0 _aLB1570
_b.CON 2011
245 0 0 _aContemporary issues in curriculum /
_c[edited by} Allan C. Ornstein, Edward F. Pajak, Stacey B. Ornstein.
250 _a5th edition.
260 _aBoston :
_bPearson,
_cc2011.
300 _ax, 398 pages. :
_bill. ;
_c24 cm.
504 _aIncludes bibliographical references and indexes.
650 0 _aEducation
_xCurricula
_zUnited States.
650 0 _aCurriculum planning
_zUnited States.
700 1 _aOrnstein, Allan C.
_eeditor
700 1 _aPajak, Edward,
_d1947-
_eeditor
700 1 _aOrnstein, Stacey B.
_eeditor
906 _a7
_bcbc
_corignew
_d1
_eecip
_f20
_gy-gencatlg
942 _2lcc
_cBK
_e5th edition
_h1570
_iCON
_kLB